000 01001nam a22002897a 4500
005 20110429111636.0
008 110429t xxu||||| |||| 00| 0 eng d
010 _aENG-102372
020 _a9788175332478
_c795.00
035 _aEN-85905
037 _bDBAD/PUB
040 _aDPL
_bENG
082 _a305.420954
100 _927456
_aShweta
245 _aGender and political economy :
_cby Shweta
_bexploration of South Asian women /
260 _aNew Delhi
_bMD Publications
_c2010
270 _a"MD House", 11, Darya Ganj
_bNew Delhi
_e110002
_k91-11-45355555
_mcontact@mdppl.com
300 _avi,291 p.
_c22cm (Hb)
500 _aIncludes bibliographical references and index
610 _927464
650 _927465
651 _927466
700 _927451
710 _927453
942 _2ddc
_cEN
_h305.420954
_mSHW
999 _c52013
_d52013